| 000 | 00594nam a22001817a 4500 | ||
|---|---|---|---|
| 005 | 20241118174610.0 | ||
| 008 | 241118b |||||||| |||| 00| 0 eng d | ||
| 020 | _a9781861525864 | ||
| 050 |
_aQA276.12 _b.F585 |
||
| 100 | _aFleming, Michael C. | ||
| 245 |
_aPrinciples of Applied Statistics/ _ban integrated approach using MINITAB and Excel _cMichael C. Fleming & Joseph G. Nellis |
||
| 250 | _a2nd Ed. | ||
| 260 |
_aAustralia _bSouth-Western Cengage Learning _c2000 |
||
| 300 |
_axx.474p. _bill. _c24.5cm |
||
| 650 | _2Statistics | ||
| 700 | _aNellis, Joseph G. | ||
| 942 |
_2lcc _cBK _e2nd ed. _n0 |
||
| 999 |
_c1305 _d1305 |
||